000 00562nam a2200205Ia 4500
005 20250923145229.0
008 008 250917s9999 xx 000 0 eng d
037 _aTextual
040 _aDSWL
_beng
_cDSWL
041 _aeng
_2eng
084 _aT9(Y4).2, N70
_qDSWL
100 _aPandit, J.L.
_9833152
245 4 _aThe world of work
_cby J.L. Pandit
260 _aBombay
_bOrient Longmans
_c1970
300 _a252p.
365 _aINR
_b25.00
925 _g25.00
942 _cTEXL
_hT9(Y4).2, N70
999 _c1448735
_d1448735